<?xml version="1.0" encoding="UTF-8"?>
<marc:record xmlns:marc="http://www.loc.gov/MARC21/slim">
   <marc:leader>00000nam a2200000 a 4500</marc:leader>
   <marc:datafield ind1="0" ind2="0" tag="245">
      <marc:subfield code="a">Das Dschungelbuch</marc:subfield>
   </marc:datafield>
   <marc:datafield ind1="0" ind2="0" tag="245">
      <marc:subfield code="b">Hörfigur für die Toniebox</marc:subfield>
   </marc:datafield>
   <marc:datafield ind1="1" ind2=" " tag="520">
      <marc:subfield code="a">Das Menschenkind Mogli wird von Wölfen großgezogen. Eines Tages kehrt der böse Tiger Shir Khan in den Dschungel zurück und Mogli macht sich mit Hilfe des Panthers Baghira auf, um Schutz zu suchen.&lt;br/&gt;Als die beiden auf ihrem Weg dorthin den stets gut gelaunten Bären Balu treffen, geht der Trubel erst richtig los. / Laufzeit ca. 59 min&lt;br/&gt;Stell den Tonie auf die Toniebox und alles ist möglich. Lausche, lerne, lache - oder tanze, bis die Wände wackeln! Jeder Tonie bringt seine eigene Geschichte mit.&lt;br/&gt;Jeder Tonie ist mit viel Liebe entworfen, handbemalt und dennoch robust genug für großen Spielspaß auf und abseits der Toniebox. Magnetisch haftet er an der Toniebox und erzählt dir seine Geschichte.&lt;br/&gt;Eingesprochen wurden Sie von den Sprechern Nick Benjamin, Edgar Ott, Joachim Cadenbach, Stefan Sczodrok, Erich Kestin, u.v.a. / Altersempfehlung ab 4 Jahren&lt;br/&gt;</marc:subfield>
   </marc:datafield>
   <marc:datafield ind1=" " ind2=" " tag="300">
      <marc:subfield code="e">Hörspiel ab 4 Jahren</marc:subfield>
   </marc:datafield>
</marc:record>
